Statistics for Largest Metropolitan Areas - Georgia

Click here to take the quiz!

General Stats

  • This quiz has been taken 209 times
  • The average score is 9 of 15

Answer Stats

PopulationMetro% Correct
5, 522,942Atlanta
100%
366, 047Savannah
90%
580, 270Augusta
84%
231, 259Macon
84%
316, 554Columbus
82%
197, 905Athens
77%
142,817Valdosta
64%
155,694Albany
61%
95, 821Rome
52%
186, 217Warner Robins
45%
113,807Brunswick
42%
548, 143Chattanooga
34%
187, 745Gainesville
34%
142,212Dalton
28%
80, 759Hinesville
15%

Score Distribution

Percentile by Number Answered

Percent of People with Each Score

Your Score History

You have not taken this quiz